Länder mit den höchsten Bildungsausgaben im Vergleich zum BIP - Statistiken

Allgemein
  • Dieses Quiz wurde 96 mal gespielt
  • Das Durchschnittsergebnis liegt bei 7 aus 16
Antwortstatistiken
Platz Land Ausgaben für Bildung Kontinent % Korrekt
7. Norwegen 8% Europa
87%
9. Schweden 7,7% Europa
87%
10. Dänemark 7,6% Europa
83%
12. Island 7,5% Europa
76%
1. Kuba 12,9% Nordamerika
52%
2. Mikronesien 12,5% Australien
42%
13. Costa Rica 7,4% Nordamerika
40%
15. Salomonen 7,3% Australien
38%
3. Marshallinseln 12,2% Australien
37%
10. Palau 7,6% Australien
36%
4. Kiribati 12% Australien
30%
13. Belize 7,4% Nordamerika
28%
5. Namibia 8,4% Afrika
22%
15. Bolivien 7,3% Südamerika
21%
8. Botswana 7,8% Afrika
20%
5. Dschibuti 8,4% Afrika
8%
Keine übereinstimmenden Quizze gefunden
Verteilung der Resultate
Anzahl Personen mit jedem Resultat
Perzentil nach korrekt beantworteten Fragen
Ihre Resultats-Entwicklung
Sie haben dieses Quiz noch nicht gespielt